The Fifteen Decisive Battles of the World : (Record no. 233390)
[ view plain ]
| 000 -LEADER | |
|---|---|
| fixed length control field | 01338cam a22002413a 4500 |
| 001 - CONTROL NUMBER | |
| control field | 4061 |
| 003 - CONTROL NUMBER IDENTIFIER | |
| control field | PGUSA |
| 005 - DATE AND TIME OF LATEST TRANSACTION | |
| control field | 20140828083048.0 |
| 008 - FIXED-LENGTH DATA ELEMENTS--GENERAL INFORMATION | |
| fixed length control field | 030501s2003||||xxu|||||s|||||000 | eng d |
| 040 ## - CATALOGING SOURCE | |
| Original cataloging agency | PGUSA |
| Language of cataloging | eng |
| 042 ## - AUTHENTICATION CODE | |
| Authentication code | dc |
| 050 #4 - LIBRARY OF CONGRESS CALL NUMBER | |
| Classification number | D |
| 100 1# - MAIN ENTRY--PERSONAL NAME | |
| Personal name | Creasy, Edward Shepherd, |
| Titles and other words associated with a name | Sir, |
| Dates associated with a name | 1812-1878 |
| 245 14 - TITLE STATEMENT | |
| Title | The Fifteen Decisive Battles of the World : |
| Remainder of title | from Marathon to Waterloo |
| Medium | [electronic resource] / |
| Statement of responsibility, etc | Edward Shepherd, Creasy |
| 260 ## - PUBLICATION, DISTRIBUTION, ETC. (IMPRINT) | |
| Name of publisher, distributor, etc | Project Gutenberg, |
| Date of publication, distribution, etc | 2003 |
| 505 0# - FORMATTED CONTENTS NOTE | |
| Formatted contents note | The battle of Marathon -- Defeat of the Athenians at Syracuse, B.C. 413 -- The battle of Arbela, B.C. 331 -- The battle of the Metaurus, B.C. 207 -- Victory of Arminius over the Roman Legions under Varus, A.D. 9 -- The battle of Chalons, A.D. 451 -- The battle of Tours, A.D. 732 -- The battle of Hastings, A.D. 1066 -- Joan of Arc's Victory over the English at Orleans, A.D. 1429 -- The defeat of the Spanish Armada, A.D. 1588 -- The battle of Blenheim, A.D. 1704 -- The battle of Pultowa, A.D. 1709 -- Victory of the Americans over Burgoyne at Saratoga, A.D. 1777 -- The battle of Valmy, A.D. 1792 -- The battle of Waterloo, A.D. 1815. |
| 506 ## - RESTRICTIONS ON ACCESS NOTE | |
| Terms governing access | Public domain in the USA. |
| 516 ## - TYPE OF COMPUTER FILE OR DATA NOTE | |
| Type of computer file or data note | Electronic text |
| 653 ## - INDEX TERM--UNCONTROLLED | |
| Uncontrolled term | Battles |
| 830 #0 - SERIES ADDED ENTRY--UNIFORM TITLE | |
| Uniform title | Project Gutenberg |
| Volume number/sequential designation | 4061 |
| 856 40 - ELECTRONIC LOCATION AND ACCESS | |
| Uniform Resource Identifier | <a href="http://www.gutenberg.org/ebooks/4061">http://www.gutenberg.org/ebooks/4061</a> |
| 942 ## - ADDED ENTRY ELEMENTS (KOHA) | |
| Koha item type | eBooks |
| Withdrawn status | Lost status | Damaged status | Home library | Current library | Date acquired | Total Checkouts | Date last seen | Price effective from | Koha item type |
|---|---|---|---|---|---|---|---|---|---|
| Project Gutenberg | Project Gutenberg | 08/28/2014 | 08/28/2014 | 08/28/2014 | eBooks |